1254 1071 1527 1659 1591 1959 1644 1159 1719 1586 1417 1007 1867 1944 1969 1583 1886 1893 1265 1617 1098 1405 1452 1334 1385 1915 1386 1760 1609 1074 1372 1800 1313 1672 1242 1434 1864 1084 1405 1487 1340 1591 1322 1980 1053 1508 1712 1684 1999 1602 1644 1583 1877 1823 1086 1070 1711 1152 1012 1966 1185 1492 1781 1922 1531 1021 1560 1682 1272 1719 1815 1784 1451 1559 1067 1530 1998 1150 1197 1558 1595 1905 1184 1592 1090 1814 1099 1430 1534 1014 1514 1856 1567 1290 1076 1494 1428 1826 1985 BCNSPRNW ULIB Ver.6.0+V

เปลี่ยนเป็นภาษาไทย

Change to English
 แสดงรายละเอียดบรรณานุกรม
  กลับหน้าหลัก

Brief Record : Get Marc (ISO 2709) : E-mail record : QR code < ปิดหน้าต่าง
LEADER : 00000nam 2200000uu 4500
001    13399127649
003     ULIB
008    210311s2562||||th 000 0 tha d
020 ^  ^a9786160035526
050 ^  ^aนว^bบ951ค
100 0  ^aใบสน.
245 1  ^aคีตาแสงจันทร์ /^cใบสน.
250 ^  ^aพิมพ์ครั้งที่ 1.
260 ^  ^aกรุงเทพฯ :^bพิมพ์คำ,^c2562.
300 ^  ^a404 หน้า ;^c21 ซม.
490 0  ^aจุมพิตรัตติกาล
945    ^p280^l0^i007998
999    ^aประนอม เกษจรัล
รายการนี้ยังไม่มีแท็ก
คุณยังไม่ได้ล็อกอิน คุณสามารถมีกิจกรรมร่วมกับเว็บไซต์ได้ แต่ต้องล็อกอินก่อน ::
  ล็อกอิน

รายการสื่อสารสนเทศ

ลำดับที่ ประเภท เลขเรียก/บาร์โค้ด สถานที่ สถานะ
1. นวนิยาย
นวนิยาย
นว บ951ค ฉ.1 
  Barcode: 007998
ห้องสมุดวิทยาเขตสวรรค์ประชารักษ์
►หนังสือทั่วไป
บนชั้น

รายการใกล้เคียง
    ผู้แต่ง [ใบสน.]

BibComment


ยังไม่เคยถูกคอมเมนท์

คอมเมนท์ทรัพยากรรายการนี้
  คอมเมนท์: คีตาแสงจันทร์ ใ..


 Copyright 2026. Bcnsprnw @Library